Colors on the Flag of Seychelles - Statistics

General Stats
  • This quiz has been taken 102 times
  • The average score is 5 of 5
Answer Stats
Answer % Correct
Blue
100%
Green
100%
Red
99%
Yellow
99%
White
97%
No matching quizzes found
Score Distribution
Percent of People with Each Score
Percentile by Number Answered
Your Score History
You have not taken this quiz